书目信息 |
| 题名: |
文物与语文
|
|
| 作者: | 朱启新 著 | |
| 分册: | ||
| 出版信息: | 北京 东方出版社 1999.07 |
|
| 页数: | 206页 | |
| 开本: | 32开 | |
| 丛书名: | ||
| 单 册: | ||
| 中图分类: | H1 | |
| 科图分类: | ||
| 主题词: | 汉语 | |
| 电子资源: | ||
| ISBN: | 7-5060-0931-5 | |
| 000 | 00510nam0 2200193 45 | |
| 001 | 0010010521 | |
| 005 | 20001001051558.7 | |
| 010 | @a7-5060-0931-5@d15.00元 | |
| 100 | @a20001001d1999 km y0chiy0120 ea | |
| 101 | 0 | @achi |
| 105 | @a z 000yy | |
| 200 | 1 | @a文物与语文@AWen Wu Yu Yu Wen@f朱启新著@FZhu Qi Xin Zhu |
| 210 | @a北京@c东方出版社@d1999.07 | |
| 215 | @a206页@d32开 | |
| 606 | 0 | @a汉语 |
| 690 | @aH1@v3 | |
| 701 | 0 | @a朱启新@4著 |
| 801 | @aCN@bPftUser@c20001001 | |
| 905 | @b410019-023@dH1@eZH896@f5 | |
| 文物与语文/朱启新著.-北京:东方出版社,1999.07 |
| 206页;32开 |
| ISBN 7-5060-0931-5:15.00元 |
| ● |
| 相关链接 |
|
|
|
正题名:文物与语文
索取号:H1/ZH896
 
预约/预借
| 序号 | 登录号 | 条形码 | 馆藏地/架位号 | 状态 | 备注 |
| 1 | 410019 | 204100196 | 语言库209/209语言库 70排1列1层/ [索取号:H1/ZH896] | 在馆 | |
| 2 | 410020 | 204100203 | 语言库209/209语言库 70排1列1层/ [索取号:H1/ZH896] | 在馆 | |
| 3 | 410021 | 204100212 | 语言库209/209语言库 70排1列1层/ [索取号:H1/ZH896] | 在馆 | |
| 4 | 410022 | 204100221 | 语言库209/209语言库 70排1列1层/ [索取号:H1/ZH896] | 在馆 | |
| 5 | 410023 | 204100230 | 语言库209/209语言库 70排1列1层/ [索取号:H1/ZH896] | 在馆 |